000
00256nam a2200109Ia 4500
008
220204s9999 xx 000 0 und d
082
_a
82-3
_b
WOD
100
_a
Wodehouse, P G
245
2
_a
A Damsel in distress
260
_a
London
_b
Star
_c
1975
942
_c
BK
999
_c
35813
_d
35813